000 00693nam a22002057a 4500
005 20100809111224.0
010 _aENG-98964
020 _c55.00
_a8177355627
035 _aEN-82496
037 _bDBAD/PUB
082 _a915.49604
100 _aPalani, M.
_99055
245 _aHill station of Tamilnadu /
_cby M. Palani
260 _aChennai
_bPavai Publications
_c2008
270 _a142, jani Jan Khan Road, Royapettah
_bChennai
_e600014
300 _a100 p. :
_c21 cm. (Pbk)
_bill
700 _97380
942 _2ddc
_cEN
_h915.49604
_mPAL
999 _c40253
_d40253